[Event "Bogota McGregor op 1st"]
[Site "Bogota"]
[Date "2010.12.08"]
[Round "7"]
[White "Barrientos Chavarriaga, Sergio E"]
[Black "Rodriguez, Wilmer Alberto"]
[Result "1-0"]
[WhiteElo "2516"]
[BlackElo "2178"]
[PlyCount "89"]
[EventDate "2010.12.03"]
[EventType "swiss"]
[EventRounds "10"]
[EventCountry "COL"]
[SourceTitle "CBM 139 Extra"]
[Source "ChessBase"]
[SourceDate "2011.01.05"]
[SourceVersion "1"]
[SourceVersionDate "2011.01.05"]
[SourceQuality "1"]

1. e4 c5 2. Nf3 Nc6 3. Bb5 g6 4. Bxc6 dxc6 5. d3 Bg7 6. h3 e5 7. Be3 Qd6 8. Qd2 Be6 9. 0-0 Nf6 10. Qc3 Nd7 11. Nbd2 h6 12. Nc4 Qc7 13. a4 0-0 14. Rfe1 a5 15. Qd2 Kh7 16. c3 f5 17. exf5 gxf5 18. Bf4 Bxc4 19. dxc4 Rae8 20. Bh2 Nb6 21. b3 Qd7 22. Qxd7 Nxd7 23. Rad1 Rf7 24. Nh4 Nf8 25. g4 fxg4 26. hxg4 e4 27. Re3 Be5 28. Bxe5 Rxe5 29. Nf5 Re6 30. Rd6 Rxd6 31. Nxd6 Rd7 32. Nxe4 Rd1+ 33. Kg2 Rb1 34. Nxc5 b6 35. Re7+ Kg8 36. Ne4 Ng6 37. Rb7 Rxb3 38. c5 b5 39. axb5 Rxb5 40. Ra7 Ne5 41. Kg3 Nd3 42. Kh4 a4 43. Rxa4 Nxc5 44. Ra8+ Kf7 45. Nd6+ 1-0

[Event "Bogota Central op"]
[Site "Bogota"]
[Date "2008.11.08"]
[Round "6.13"]
[White "Rodriguez, Wilmer Alberto"]
[Black "Guerrero Forero, Ricardo Alonso"]
[Result "0-1"]
[WhiteElo "2181"]
[BlackElo "2135"]
[PlyCount "102"]
[EventDate "2008.11.05"]
[EventType "swiss"]
[EventRounds "6"]
[EventCountry "COL"]
[SourceTitle "EXT 2024"]
[Source "ChessBase"]
[SourceDate "2023.10.10"]
[SourceVersion "1"]
[SourceVersionDate "2023.10.10"]
[SourceQuality "1"]

1. e4 c5 2. Nf3 Nc6 3. d4 cxd4 4. Nxd4 Nf6 5. Nc3 d6 6. Be2 g6 7. Be3 Bg7 8. 0-0 0-0 9. Kh1 Bd7 10. f4 Rc8 11. Nb3 a6 12. a4 Na5 13. Nxa5 Qxa5 14. Qd3 Be6 15. Bd4 Bc4 16. Qd2 e5 17. Be3 Qb4 18. Bd3 Ng4 19. Nd5 Qxd2 20. Bxd2 Bxd3 21. cxd3 Rc2 22. Rad1 exf4 23. h3 Ne3 24. Bxe3 fxe3 25. Nxe3 Rxb2 26. Nc4 Rb3 27. Rb1 Rxd3 28. Rxb7 Rd4 29. Rc7 Rxe4 30. a5 d5 31. Nb6 Rd8 32. g4 f6 33. Rd1 d4 34. Rc4 f5 35. gxf5 gxf5 36. Rc7 Re3 37. Nc4 Rxh3+ 38. Kg2 Rh6 39. Kf3 Rg6 40. Kf4 Rf8 41. Ne5 Rg2 42. Nd7 Rg4+ 43. Kf3 Re8 44. Rd3 h5 45. Rc5 f4 46. Rd1 Re3+ 47. Kf2 h4 48. Rf5 h3 49. Nf6+ Bxf6 50. Rxf6 Rg2+ 51. Kf1 Rf3+ 0-1

[Event "Medellin op"]
[Site "Medellin"]
[Date "2007.11.03"]
[Round "2"]
[White "Rodriguez, Wilmer Alberto"]
[Black "Franco Valencia, Beatriz Irene"]
[Result "1-0"]
[WhiteElo "2166"]
[BlackElo "2130"]
[PlyCount "83"]
[EventDate "2007.11.02"]
[EventType "swiss"]
[EventRounds "7"]
[EventCountry "COL"]
[SourceTitle "CBM 121 Extra"]
[Source "ChessBase"]
[SourceDate "2008.01.10"]
[SourceVersion "1"]
[SourceVersionDate "2008.01.10"]
[SourceQuality "1"]

1. e4 e5 2. Nf3 Nc6 3. Bc4 Bc5 4. c3 Qe7 5. 0-0 Nf6 6. d3 a6 7. Nbd2 d6 8. h3 h6 9. Re1 0-0 10. Nf1 Ba7 11. Be3 Na5 12. Bb3 Nxb3 13. Qxb3 Nh5 14. d4 Qf6 15. dxe5 dxe5 16. Bxa7 Rxa7 17. Ne3 Nf4 18. Nd5 Nxd5 19. exd5 Re8 20. c4 e4 21. Qc3 Qxc3 22. bxc3 Kf8 23. Nd4 b6 24. Re2 Bd7 25. Rae1 f5 26. f3 exf3 27. Rxe8+ Bxe8 28. Ne6+ Kf7 29. Nd8+ Kf8 30. gxf3 Bd7 31. Ne6+ Kf7 32. Nxg7 Ra8 33. Kf2 Rc8 34. Nh5 Re8 35. Rg1 Re7 36. Rg7+ Kf8 37. Rg6 b5 38. Rxh6 bxc4 39. Rh8+ Kf7 40. Rh7+ Kf8 41. Rxe7 Kxe7 42. Ke3 1-0

[Event "American Continental 01st"]
[Site "Cali"]
[Date "2001.08.19"]
[Round "10"]
[White "Navarro Segura, Roberto"]
[Black "Rodriguez, Wilmer Alberto"]
[Result "0-1"]
[WhiteElo "2313"]
[BlackElo "2093"]
[PlyCount "136"]
[EventDate "2001.08.09"]
[EventType "swiss"]
[EventRounds "11"]
[EventCountry "COL"]
[SourceTitle "CBM 083 Extra"]
[Source "ChessBase"]
[SourceDate "2001.09.11"]
[SourceVersion "1"]
[SourceVersionDate "2001.09.11"]
[SourceQuality "1"]

1. e4 c5 2. Nf3 Nc6 3. d4 cxd4 4. Nxd4 Nf6 5. Nc3 e5 6. Ndb5 d6 7. Nd5 Nxd5 8. exd5 Ne7 9. c4 Ng6 10. Be3 Be7 11. Bd3 0-0 12. h4 f5 13. h5 Nh4 14. g3 Ng2+ 15. Kd2 Nxe3 16. fxe3 Bg5 17. Qe2 Qb6 18. Rab1 Bd7 19. Nc3 Rac8 20. Rhe1 Qb4 21. Qg2 Qb6 22. Qg1 e4 23. Bf1 Qd4+ 24. Kc2 Qe5 25. Rbc1 b5 26. cxb5 Qxd5 27. Kb1 Qe5 28. Qf2 Be6 29. Red1 Rfd8 30. Rd4 Bf7 31. g4 g6 32. hxg6 hxg6 33. gxf5 Qxf5 34. Qg3 Bf6 35. Bh3 Qe5 36. Qf2 Rc4 37. Rf1 Kg7 38. Ka1 Rxd4 39. exd4 Qxd4 40. Nxe4 Qxf2 41. Rxf2 Re8 42. Rxf6 Rxe4 43. Rf1 Ra4 44. a3 Rh4 45. Bd7 Bc4 46. Rg1 Kf6 47. Bc6 Rf4 48. b4 d5 49. Rh1 Rf3 50. a4 Ra3+ 51. Kb2 Rxa4 52. Kc3 Ke5 53. Re1+ Kd6 54. Rg1 Ra3+ 55. Kd2 Bd3 56. Be8 Ke7 57. Re1+ Kf8 58. Bc6 Be4 59. Rf1+ Ke7 60. Rg1 Kf6 61. Rf1+ Ke5 62. Rf8 Kd4 63. Rd8 Kc4 64. Ra8 Kxb4 65. Rd8 Kc5 66. Rc8 Bf5 67. Bb7+ Kb6 68. Bxd5 Bxc8 0-1